| 000 | 00941nam a2200265 u 4500 | ||
|---|---|---|---|
| 005 | 20240412063636.0 | ||
| 008 | 120301s2010 mx r 000 0 spa d | ||
| 020 | _a6079017163 | ||
| 035 | _aUPN01000183548 | ||
| 049 | _aCG | ||
| 050 | 4 |
_aF1376 C2.7 _bO7.7 |
|
| 100 | 1 | _aOrosa Díaz, Jaime | |
| 245 | 1 | 0 |
_aFelipe Carrillo Puerto : _b(estudio biográfico) / _cJaime Orosa Díaz. |
| 260 |
_aMéxico : _bInstituto de Cultura de Yucatán, _c2010. |
||
| 300 | _a71, 43 p. | ||
| 440 | 0 | _aTextos de la Revolución en su Centenario | |
| 501 | _aEcuadernado con: Felipe Carrillo Puerto y su labor educativa / Esteban Durán Rosado. | ||
| 600 | 1 | 0 |
_aCarrillo Puerto, Felipe, _d1872?-1924 _97491 |
| 650 | 4 |
_aGOBERNADORES - _zYUCATAN _920218 |
|
| 651 | 2 |
_aYucatán _xPolítica y gobierno _920219 |
|
| 700 | 1 |
_aDurán Rosado, Esteban, _ecoaut. |
|
| 740 | 0 | _aFelipe Carrillo Puerto y su labor educativa | |
| 905 | _aLibro | ||
| 999 |
_c155651 _d155651 |
||